Everything She Wants Lyrics - Statistics

General Stats
  • This quiz has been taken 7 times
  • The average score is 186 of 275
Answer Stats
Answer % Correct
a
100%
for
100%
ha-ha
100%
hard
100%
I
100%
me
100%
she
100%
so
100%
Some
100%
some
100%
Somebody
100%
tell
100%
Tell
100%
Why
100%
why
100%
work
100%
you
100%
and
83%
And
83%
Baby
83%
baby
83%
everything
83%
Give
83%
give
83%
la-la-la
83%
la-la-la-la-la
83%
money
83%
my
83%
My
83%
one
83%
that
83%
to
83%
want
83%
wants
83%
Won‘t
83%
ah-ah
67%
be
67%
can
67%
can‘t
67%
do
67%
good
67%
if
67%
If
67%
is
67%
Is
67%
it
67%
now
67%
oh
67%
Oh
67%
Oh-oh
67%
oh-oh
67%
see
67%
sees
67%
than
67%
the
67%
then
67%
told
67%
two
67%
Ah
50%
any
50%
best
50%
But
50%
don‘t
50%
enough
50%
fun
50%
harder
50%
how
50%
I‘ll
50%
I‘m
50%
living
50%
love
50%
said
50%
take
50%
things
50%
what
50%
will
50%
you‘re
50%
back
33%
break
33%
even
33%
from
33%
further
33%
girl
33%
Girl
33%
God
33%
got
33%
happy
33%
have
33%
having
33%
isn‘t
33%
just
33%
know
33%
not
33%
of
33%
out
33%
people
33%
step
33%
think
33%
was
33%
Well
33%
were
33%
we‘re
33%
yeah
33%
Ah-ha
17%
ah-ha
17%
Boy
17%
doo-doo-doo
17%
giving
17%
guess
17%
hell
17%
must
17%
older
17%
They
17%
you‘ve
17%
Aw
0%
Because
0%
knew
0%
loved
0%
marriage
0%
months
0%
perfect
0%
reach
0%
shown
0%
six
0%
Til
0%
Uh-huh
0%
uh-huh
0%
No matching quizzes found
Score Distribution
Percent of People with Each Score
Percentile by Number Answered
Your Score History
You have not taken this quiz